000 00934cad a22001935a 4500
001 E155222
008 120312s2011 xxk d f 000 0 eng d
035 _a(Sirsi) u155222
041 0 _aeng
050 0 4 _a333.3309411 $2 18
110 2 _aSavills Research
_95211
245 0 0 _aSpotlight on Scotland's prime residential property market
_bMarch 2012
_h[electronic resource]
260 _aLondon
_bSavills Research
_c2012
520 _aThe number of prime transactions in 2011 was 4% higher than the ten-year average. Edinburgh continues to be the hub of prime market activity in Scotland with 33% of prime sales taking place within the capital followed by Aberdeen and surrounding area.
651 4 _aScotland
_y1999-
690 _aResidential property
_96266
856 4 0 _uhttps://pdf.euro.savills.co.uk/uk/spotlight-on/spot-scotland-lr.pdf
_zView the report free of charge (registration required) at www.savills.co.uk
942 _n0
999 _c113409
_d113409